| 000 | 02161nam a2200361 i 4500 | ||
|---|---|---|---|
| 003 | EG-GICUC | ||
| 005 | 20260310132323.0 | ||
| 008 | 260122s2005 ua |||fr|||| 00| 0 ara d | ||
| 017 | _a17444/2005 | ||
| 020 | _a9770447587 | ||
| 040 |
_a EG-GICUC _bara _c EG-GICUC _d EG-GICUC _erda |
||
| 041 | 0 | _aAra | |
| 082 | 0 | 4 |
_221 _a343.81 _bق د . إ |
| 092 | 0 | 4 | _221 |
| 099 | _aLaw1 10 343.81 ق د ، إ 2005 | ||
| 100 | 0 |
_aقدرى عبدالفتاح الشهاوى _eمؤلف. |
|
| 245 | 1 | 2 |
_aالإستدلال الجنائى والتقنيات الفنية : _bفنا • عملا • فعلا • واقعا • تطبيقا • كيفا • تحليلا • إجراءا • بحثا / _cتأليف لواء دكتور قدرى عبدالفتاح الشهاوى. |
| 246 | _aدراسة مقارنة | ||
| 264 | 1 |
_aالقاهرة : _bدار النهضة العربية، _c2005. |
|
| 264 | 3 |
_aالقاهرة : _bدار الإيمان للطباعة |
|
| 300 |
_a216 صفحة؛ _c24 سم. |
||
| 336 |
_2rda content _atext |
||
| 337 |
_2rda media _aComputer |
||
| 338 |
_2rda carrier _aOnline Resource |
||
| 500 | _aالإستدلال والبحث الفنى الجنائى بين القديم والحديث • أساليب البحث الفنى والإستدلال التقنى فى الدول العربية والأجنبية • جهات وإدارات الخبرة• البحث التقنى وبصمات الأصابع • آثار الأقدام • الإطارات • الثياب • الأسنان • آثار الدم وأدلة البيولوجية • الوفاة الجنائية • القتل • سرقة السيارات والمركبات • السطو وسرقة الخزائن والمساكن • الأسلحة النارية • المتفجرات • مخلفات الجرائم المتنوعة. | ||
| 504 | _a. 240-220 ببليوجرافيا: صفحات. | ||
| 650 | 1 |
_aالتحقيق الجنائى الفنى _2qrmak |
|
| 650 | 1 |
_aالقانون الجنائى _2qrmak |
|
| 651 | 1 | _2qrmak | |
| 856 | 4 | 0 | _uhttps://fll.law.cu.edu.eg/fulltext/bks/B10-07834.pdf |
| 905 |
_a54 _eYara |
||
| 942 |
_2ddc _cBK _e21 _n0 |
||
| 999 |
_c58594 _d58594 |
||